Гражданин Галактики: пер. с англ.

Xehetasun bibliografikoak
Egile nagusia: Хайнлайн Р. Э. Роберт Энсон
Hizkuntza:errusiera
Argitaratua: Москва, Быстрина, 1992
Saila:Библиотека приключений для взрослых и детей
Gaiak:
Formatua: MixedMaterials Liburua
KOHA link:https://koha.lib.tpu.ru/cgi-bin/koha/opac-detail.pl?biblionumber=5079

MARC

LEADER 00000nam0a2200000 4500
001 5079
005 20231101204413.0
010 |a 587249002X 
035 |a (RuTPU)RU\TPU\book\5106 
035 |a BOOK00005153 
090 |a 5079 
100 |a 20011209d1992 m y0rusy50 ca 
101 1 |a rus  |c eng 
102 |a RU 
105 |a y z 000ay 
200 1 |a Гражданин Галактики  |e пер. с англ.  |f Р. Хайнлайн 
210 |a Москва  |c Быстрина  |d 1992 
215 |a 223 с. 
225 1 |a Библиотека приключений для взрослых и детей 
610 1 |a романы 
610 1 |a приключения 
675 |a 82  |v 3 
700 1 |a Хайнлайн  |b Р. Э.  |c американский писатель-фантаст  |f 1907-1988  |g Роберт Энсон  |2 stltpush  |3 (RuTPU)RU\TPU\pers\47245  |4 070  |9 22825 
801 0 |a RU  |b 63413507  |c 20011209  |g PSBO 
801 2 |a RU  |b 63413507  |c 20220603  |g PSBO 
942 |c BK